000 00484nam a22001697a 4500
003 NUST - PNEC
005 20170116180935.0
008 150906b xxu||||| |||| 00| 0 eng d
020 _a020153472X
040 _cLIBRARY
082 _a621.3076 SCH
100 _98468
_aScharf, Louis L.
245 _aA first course in electrical and computer engineering : With MATLAB programs and experiments
_cLouis L. Scharf
260 _cc.1990
650 _98471
_aMATLAB
_vEE
942 _2ddc
_cBK
999 _c66018
_d66018